|
|
|
|
| LEADER |
00000nab a2200000 a 4500 |
| 001 |
vtls000471964 |
| 003 |
SK-MaSNL |
| 005 |
20260304234026.0 |
| 008 |
230302c1992 xo 0 slo |
| 015 |
|
|
|a SNBRB19rr/mm-uuuuu
|
| 035 |
|
|
|a CL0472097
|
| 035 |
|
|
|a urn:nbn:sk:snk-abameq
|
| 035 |
|
|
|a (urnnbn)urn:nbn:sk:snk:ar-00875z
|
| 035 |
|
|
|a (uuid)366f5096-248f-46bc-8374-56c045ec21f2
|
| 040 |
|
|
|a SNKBUCL
|b slo
|c SNKBUCL
|e AACR2
|
| 041 |
0 |
|
|a slo
|
| 044 |
|
|
|a xo
|c SK
|
| 080 |
|
|
|a 321.7:304
|2 1981
|
| 080 |
|
|
|a 304
|2 1981
|
| 080 |
|
|
|a 342.34
|2 1981
|
| 100 |
1 |
|
|a Lencz, Ladislav,
|d 1927-
|4 aut
|9 87737
|
| 245 |
1 |
0 |
|a Potrebujeme svedkov, nie ideológov
|b Manifest prosociálnej demokracie
|c Ladislav Lencz
|
| 300 |
|
|
|b Fotogr. 1
|
| 650 |
0 |
7 |
|a demokracia
|2 snkbucl
|9 3564
|
| 650 |
0 |
7 |
|a prosociálne správanie
|2 snkbucl
|9 49610
|
| 655 |
|
7 |
|a články z novín a časopisov
|2 snkbucl
|9 267496
|
| 773 |
0 |
|
|t Literárny týždenník
|g Roč. 5, č. 23 (1992), s. 10
|
| 850 |
|
|
|a Slovenská národná knižnica v Martine
|a MTA001
|
| 852 |
|
|
|a SNK
|b KIS3GCP
|
| 954 |
|
|
|a odborná, vedecká literatúra pôvodná (slovenská)
|2 lita
|
| 958 |
|
|
|a OND
|
| 958 |
|
|
|a RK
|
| 958 |
|
|
|a EUIPO
|
| 958 |
|
|
|a article14
|
| 999 |
|
|
|c 3201614
|d 3203544
|